Geography Ending in the Letter A - A-Z - Statistics

General Stats
  • This quiz has been taken 173 times
  • The average score is 21 of 26
Answer Stats
Hint Answer % Correct
R Largest country in the world Russia
99%
A Largest U.S. state Alaska
98%
S Largest non-polar desert Sahara
97%
E Baltic state Estonia
95%
H Capital of Cuba Havana
95%
Z African country Zambia
95%
I Peninsula of Spain and Portugal Iberia
93%
O Second biggest city in Japan Osaka
93%
Y European country that split up in the 1990s Yugoslavia
93%
J Most populous island in the world Java
89%
L Currency of Turkey Lira
89%
V Longest river in Europe Volga
89%
B Politically joined with Antigua Barbuda
88%
C Its capital is Barcelona Catalonia
88%
F Its capital is Tallahassee Florida
88%
M Where Mohammed was born Mecca
88%
X Fear of foreigners Xenophobia
86%
N Capital of Cyprus Nicosia
85%
K Formerly Calcutta Kolkata
80%
T Major Mexican city close to San Diego Tijuana
79%
P Where you can run with the bulls Pamplona
72%
U Region of Italy Umbria
64%
G The last Muslim city in Spain Granada
57%
D Name for the Russian parliament Duma
52%
W Merged with Moldavia to form Romania Wallachia
34%
Q Orchard city of Pakistan Quetta
28%
No matching quizzes found
Score Distribution
Percent of People with Each Score
Percentile by Number Answered
Your Score History
You have not taken this quiz